Exploring The Relationship Between Data Diagramming And Digital Design Process Info (Record no. 361138)

MARC details
000 -LEADER
fixed length control field 00316nam a2200097Ia 4500
008 - FIXED-LENGTH DATA ELEMENTS--GENERAL INFORMATION
fixed length control field 241105s9999 xx 000 0 und d
041 ## - LANGUAGE CODE
Language code of text/sound track or separate title eng
100 ## - MAIN ENTRY--PERSONAL NAME
Personal name Gujrathi Amit
9 (RLIN) 182847
245 ## - TITLE STATEMENT
Title Exploring The Relationship Between Data Diagramming And Digital Design Process Info
260 ## - PUBLICATION, DISTRIBUTION, ETC. (IMPRINT)
Name of publisher, distributor, etc. M Arch Digital BNCA, Pune
Date of publication, distribution, etc. 2015

No items available.